| 000 -LEADER |
| fixed length control field |
01255nam a22001577a 4500 |
| 008 - FIXED-LENGTH DATA ELEMENTS--GENERAL INFORMATION |
| fixed length control field |
220511b ||||| |||| 00| 0 eng d |
| 100 ## - MAIN ENTRY--PERSONAL NAME |
| Personal name |
Daugherty, Andrew F. and Reinganum, Jennifer F. |
| 245 ## - TITLE STATEMENT |
| Title |
Prosecutor quality, witness participations, crime, and reform |
| 260 ## - PUBLICATION, DISTRIBUTION, ETC. (IMPRINT) |
| Place of publication, distribution, etc |
American Economic Journal: Microeconomics |
| 300 ## - PHYSICAL DESCRIPTION |
| Extent |
13(4), Nov, 2021: p.64-100 |
| 520 ## - SUMMARY, ETC. |
| Summary, etc |
We develop a model wherein concerns about prosecutor quality reduce the willingness of witnesses to cooperate with prosecutors. This causes an increase in the crime rate and in wrongly convicted innocent defendants. Because citizens are taxpayers and may be victims, perpetrators, witnesses, or falsely accused defendants, they care about the prosecutor's quality. They update beliefs about this quality based on the disposition of cases. If the prosecutor's believed quality falls below a threshold, then a majority of voters chooses to replace the prosecutor with a challenger, in expectation of reform. We compare the majority's choice with that of a social planner. – Reproduced |
| 650 ## - SUBJECT ADDED ENTRY--TOPICAL TERM |
| Topical term or geographic name as entry element |
Prosecutor quality, Witness participations, Crime and reform |
| 9 (RLIN) |
33144 |
| 773 ## - HOST ITEM ENTRY |
| Main entry heading |
American Economic Journal: Microeconomics |
| 906 ## - LOCAL DATA ELEMENT F, LDF (RLIN) |
| Subject DIP |
CRIMES |
| 942 ## - ADDED ENTRY ELEMENTS (KOHA) |
| Item type |
Articles |